<?xml version="1.0" encoding="UTF-8"?><?xml-stylesheet type="text/xsl" href="static/style.xsl"?><OAI-PMH xmlns="http://www.openarchives.org/OAI/2.0/" xmlns:xsi="http://www.w3.org/2001/XMLSchema-instance" xsi:schemaLocation="http://www.openarchives.org/OAI/2.0/ http://www.openarchives.org/OAI/2.0/OAI-PMH.xsd"><responseDate>2026-06-01T16:37:43Z</responseDate><request verb="GetRecord" identifier="oai:riuma.uma.es:10630/39862" metadataPrefix="marc">https://riuma.uma.es/rest/oai/request</request><GetRecord><record><header><identifier>oai:riuma.uma.es:10630/39862</identifier><datestamp>2026-02-03T11:20:30Z</datestamp><setSpec>com_10630_2254</setSpec><setSpec>col_10630_37953</setSpec></header><metadata><record xmlns="http://www.loc.gov/MARC21/slim" xmlns:dcterms="http://purl.org/dc/terms/" xmlns:doc="http://www.lyncode.com/xoai" xmlns:xsi="http://www.w3.org/2001/XMLSchema-instance" xsi:schemaLocation="http://www.loc.gov/MARC21/slim http://www.loc.gov/standards/marcxml/schema/MARC21slim.xsd">
   <leader>00925njm 22002777a 4500</leader>
   <datafield ind2=" " ind1=" " tag="042">
      <subfield code="a">dc</subfield>
   </datafield>
   <datafield ind2=" " ind1=" " tag="720">
      <subfield code="a">Ramos-Alcántara, Jorge</subfield>
      <subfield code="e">author</subfield>
   </datafield>
   <datafield ind2=" " ind1=" " tag="720">
      <subfield code="a">Soto-Navarro, Francisco Javier</subfield>
      <subfield code="e">author</subfield>
   </datafield>
   <datafield ind2=" " ind1=" " tag="720">
      <subfield code="a">Verger-Miralles, Elisabet</subfield>
      <subfield code="e">author</subfield>
   </datafield>
   <datafield ind2=" " ind1=" " tag="720">
      <subfield code="a">Jordà, Gabriel</subfield>
      <subfield code="e">author</subfield>
   </datafield>
   <datafield ind2=" " ind1=" " tag="260">
      <subfield code="c">2025-11</subfield>
   </datafield>
   <datafield ind2=" " ind1=" " tag="520">
      <subfield code="a">Identifying the sources of pollutants remains as one of the main challenges in research on marine debris pollution, which mainly consists of what is known as marine litter. In this work, we develop a method to estimate the origin of marine debris found along the coasts of the Balearic Islands during the summers of 2014–2021. We combine detailed records from coastal clean-up campaigns with ocean currents simulations from a high-resolution model to perform a probabilistic tracking of debris motion. We use an inverse modelling approach whereby, starting from where the debris was collected and working backwards, allows us to estimate its origin. In this way, the temporal evolution of marine debris emission from different coastal sections of the archipelago was quantified.&#xd;
Results reveal a predominant transport pattern towards the E-NE-N, in accordance with the dominant circulation in the region. On average, 42.4 % of coastal debris emissions are exported outside the archipelago, 35.9 % remain in the same source zone, and 21.7 % are redistributed to other coastal areas of the islands. Within the inter-coastal transport of debris in the Balearic Islands, high-emission areas include Porto Cristo, Sóller, Alcudia, Ibiza, and Mahón. Northern zones of each island primarily act as receptors, while transport debris out of the archipelago. The results also suggest that the interannual variability in debris transport patterns is low.&#xd;
The methodology proposed here could be applied in other coastal regions where systematic observational records exist and be used to optimize the organization of the cleaning campaigns and improve the management and mitigation of this type of pollution.</subfield>
   </datafield>
   <datafield ind1="8" ind2=" " tag="024">
      <subfield code="a">Ramos-Alcántara, J., Soto-Navarro, J., Verger-Miralles, E., &amp; Jordà, G. (2025). Quantifying sources of floating marine debris on the coasts of the Balearic Islands. Marine Environmental Research, 107480.</subfield>
   </datafield>
   <datafield ind1="8" ind2=" " tag="024">
      <subfield code="a">https://hdl.handle.net/10630/39862</subfield>
   </datafield>
   <datafield ind1="8" ind2=" " tag="024">
      <subfield code="a">10.1016/j.marenvres.2025.107480</subfield>
   </datafield>
   <datafield tag="653" ind2=" " ind1=" ">
      <subfield code="a">Oceanografía</subfield>
   </datafield>
   <datafield tag="653" ind2=" " ind1=" ">
      <subfield code="a">Contaminación marina</subfield>
   </datafield>
   <datafield tag="653" ind2=" " ind1=" ">
      <subfield code="a">Corrientes marinas</subfield>
   </datafield>
   <datafield tag="653" ind2=" " ind1=" ">
      <subfield code="a">Ecología de costas</subfield>
   </datafield>
   <datafield tag="653" ind2=" " ind1=" ">
      <subfield code="a">Costas - España</subfield>
   </datafield>
   <datafield tag="653" ind2=" " ind1=" ">
      <subfield code="a">Baleares (Comunidad Autónoma)</subfield>
   </datafield>
   <datafield ind2="0" ind1="0" tag="245">
      <subfield code="a">Quantifying sources of floating marine debris on the coasts of the Balearic islands</subfield>
   </datafield>
</record>
</metadata></record></GetRecord></OAI-PMH>